Statistics for Rolling Stone Top 100 Artists

Click here to take the quiz!

General Stats

  • This quiz has been taken 78 times
  • The average score is 58 of 100

Answer Stats

RankMost Streamed SongArtist/Band% Correct
52Bohemian RhapsodyQueen
100%
1Here Comes the SunThe Beatles
100%
35Billie JeanMichael Jackson
97%
4Paint It, BlackThe Rolling Stones
97%
72Highway to HellAC/DC
94%
38ImagineJohn Lennon
94%
30Smells Like Teen SpiritNirvana
94%
27Purple RainPrince
94%
39Under PressureDavid Bowie
91%
75Hotel CaliforniaEagles
91%
14Stairway to HeavenLed Zeppelin
91%
51Another Brick in the Wall, Pt.2Pink Floyd
91%
97Losing My ReligionR.E.M.
91%
3Can't Help Falling in LoveElvis Presley
90%
59Dream OnAerosmith
89%
92Sweet Child O' MineGuns N' Roses
89%
70Every Breath You TakeThe Police
89%
9RespectAretha Franklin
87%
2Knockin' On Heaven's DoorBob Dylan
87%
36Material GirlMadonna
87%
56Still D.R.EDr. Dre
86%
61Enter SandmanMetallica
86%
29Baba O'RileyThe Who
86%
5Johnny B. GoodeChuck Berry
81%
41Riders on the StormThe Doors
81%
60Anarchy in the U.K.The Sex Pistols
81%
6All Along the WatchtowerJimi Hendrix
80%
73CreepRadiohead
80%
40Mrs. RobinsonSimon & Garfunkel
80%
23Dancing In the DarkBruce Springsteen
79%
95Sweet Home AlabamaLynyrd Skynyrd
79%
12Wouldn't It Be NiceThe Beach Boys
79%
28Should I Stay or Should I goThe Clash
79%
22With Or Without YouU2
79%
31HurtJohnny Cash
77%
26Blitzkrieg BopThe Ramones
76%
42Brown Eyed GirlVan Morrison
74%
88Empire State Of MindJAY-Z
73%
85ParanoidBlack Sabbath
71%
83Lose YourselfEminem
71%
100Psycho KillerTalking Heads
71%
63What's Love Got to Do with ItTina Turner
71%
10Hit the Road JackRay Charles
69%
82Have You Ever Seen The RainCreedence Clearwater Revival
67%
91Free Fallin'Tom Petty
67%
8Tutti FruttiLittle Richard
66%
21(Sittin' On) the Dock o the BayOtis Redding
66%
24Great Balls of FireJerry Lee Lewis
64%
15Signed, Sealed, Delivered (I'm Yours)Stevie Wonder
64%
18Ain't No Mountain High EnoughMarvin Gaye
63%
46Me and Bobby McGeeJanis Joplin
61%
34Heart of GoldNeil young
61%
37Oh, Pretty WomanRoy Orbison
61%
48Walk This WayRun-D.M.C.
61%
65You Really Got MeThe Kinks
61%
49Cold HeartElton John
60%
67Sunshine Of Your LoveCream
59%
55Wonderful TonightEric Clapton
57%
11Three Little BirdsBob Marley
56%
77SabotageBeastie Boys
54%
96You Can't Hurry LoveDiana Ross & The Supremes
54%
7I Got YouJames Brown
51%
50The WeightThe Band
51%
25Blueberry HillFats Domino
50%
68My GirlThe Temptations
50%
47Because the NightPatti Smith
46%
66Let's Stay TogetherAL Green
44%
45Turn! Turn! Turn! (To Everything There Is a Season)The Byrds
44%
84Fire and RainJames Taylor
43%
94CloserNine Inch Nails
41%
90Maria MariaSantana
41%
99Blue Suede ShoesCarl Perkins
39%
43Everyday PeopleSly & The Family Stone
37%
13EverydayBuddy Holly
34%
33All I Have To Do Is DreamThe Everly Brothers
34%
62Both Sides NowJoni Mitchell
31%
16(What A) Wonderful WorldSam Cooke
31%
19Pale Blue EyesThe Velvet Underground
31%
86Ambitionz Az A Ridah2Pac
30%
93Green OnionsBooker T. & the M.G.'s
30%
17Mannish BoyMuddy Waters
30%
78I Wanna Be Your DogThe Stooges
29%
79I Can't Help Myself (Sugar Pie, Honey Bunch)The Four Tops
23%
89Heart Full of SoulThe Yardbirds
23%
57Friend of the DevilGrateful Dead
21%
74Hey, Good Lookin'Hank Williams
21%
81Under the BoardwalkThe Drifters
21%
98Move On UpCurtis Mayfield
20%
69(Your Love Keeps Lifting Me) Higher & HigherJackie Wilson
20%
76Will You Love Me TomorrowThe Shirelles
19%
44Harder Than You ThinkPublic Enemy
17%
20I'm A ManBo Diddley
14%
80SheElvis Costello
14%
32The Tracks of My TearsSmokey Robinson and the Miracles
14%
71Bobby Brown Goes DownFrank Zappa
13%
54Smokestack Lightnin'Howlin' Wolf
13%
53Midnight RidderAllman Brothers Band
10%
58Give Up The Funk (Tear The Roof Off the Sucker)Parliament and Funkadelic
9%
64*Let it BePhil Spector
9%
87Love HurtsGram Parsons
3%

Score Distribution

Percentile by Number Answered

Percent of People with Each Score

Your Score History

You have not taken this quiz